Open Data Biblioteca Nacional de Portugal


República Portuguesa: Ministério da Cultura
Biblioteca Nacional de Portugal

Catálogo da BNP: acesso por Identificadores Unívocos
Registos Bibliográficos associados ao registo de autoridade

Etiqueta de registo: 00254nam 2200025 450
001 2289460
003 http://id.bnportugal.gov.pt/bib/catbnp/2289460
010 ## $a978-989-559-796-3
021 ## $aPT$b359252/13
100 ## $a20260702d2024 a y0pory01030103ba
101 0# $apor$cjpn
102 ## $aPT
105 ## $aa t 000zy
106 ## $ar
200 1# $aBlue Exorcist.$hVol. 30$fKazue Kato$gtrad. Laura Teixeira
210 #9 $aPalmela$cDevir,$d2024
215 ## $a195, [4] p.$cil.$d19 cm
700 #1 $aKato,$bKazue,$f1980-$31562033
702 #1 $aTeixeira,$bLaura$4730$32002477
801 #0 $aPT$bBN$gRPC
966 ## $lBN$mFGMON$x1
966 ## $lBN$mFGMON$x1
971 ## $cjbeatriz$d20260702

OpendataBNP@bnportugal.pt | Mais informação sobre acesso aos dados BNP